[Event "Ville d'Orsay online Blitz"]
[Site "Europe Echecs INT"]
[Date "2021.02.07"]
[Round "6"]
[White "Nineuil, Vincent"]
[Black "Chouvaev Komin, Daniel"]
[Result "1-0"]
[WhiteElo "1963"]
[BlackElo "1625"]
[PlyCount "69"]
[EventDate "2021.02.07"]
[EventType "swiss (blitz)"]
[EventRounds "11"]
[EventCountry "FRA"]
[SourceTitle "CBM 200 Extra"]
[Source "ChessBase"]
[SourceDate "2021.03.31"]
[SourceVersion "1"]
[SourceVersionDate "2021.03.31"]
[SourceQuality "1"]

1. e4 e6 2. d4 d5 3. exd5 exd5 4. Bd3 Nf6 5. Bg5 Be7 6. Nf3 Bg4 7. c3 c6 8. Nbd2 Nbd7 9. Qc2 Qc7 10. h3 Bh5 11. 0-0-0 0-0-0 12. Rhe1 Rde8 13. g4 Bg6 14. Ne5 Bxd3 15. Qxd3 h6 16. Bxf6 Bxf6 17. Nxf7 Rhf8 18. Rxe8+ Rxe8 19. Nf3 Re7 20. Nh8 Qf4+ 21. Kc2 Re8 22. Ng6 Qd6 23. Nfh4 Qh2 24. Rd2 Bg5 25. f4 Qh1 26. fxg5 hxg5 27. Nf5 Kb8 28. Qg3+ Ka8 29. Nd6 Re6 30. h4 Rxg6 31. hxg5 Rxg5 32. Rh2 Qxh2+ 33. Qxh2 a6 34. Qh8+ Ka7 35. Qd8 1-0

[Event "Cappelle Online Blitz op 1st"]
[Site "Europe Echecs INT"]
[Date "2021.01.10"]
[Round "11"]
[White "Bykhovsky, Avigdor"]
[Black "Nineuil, Vincent"]
[Result "1-0"]
[WhiteElo "2404"]
[BlackElo "1963"]
[PlyCount "59"]
[EventDate "2021.01.10"]
[EventType "swiss (blitz)"]
[EventRounds "11"]
[EventCountry "FRA"]
[SourceTitle "CBM 200 Extra"]
[Source "ChessBase"]
[SourceDate "2021.03.31"]
[SourceVersion "1"]
[SourceVersionDate "2021.03.31"]
[SourceQuality "1"]

1. d4 d5 2. c4 e6 3. Nf3 Nf6 4. Nc3 Be7 5. Bf4 c6 6. e3 0-0 7. h3 Nbd7 8. Qc2 Qa5 9. Nd2 Bb4 10. Bd3 a6 11. 0-0 b5 12. c5 Bxc3 13. bxc3 Re8 14. Bd6 e5 15. e4 Bb7 16. f4 exd4 17. e5 Ne4 18. Bxe4 dxe4 19. cxd4 f5 20. exf6 Nxf6 21. Be5 Rad8 22. Nxe4 Nxe4 23. Qxe4 Rd5 24. f5 Qa4 25. Rae1 Qxa2 26. f6 Rd7 27. fxg7 Rxg7 28. Qf3 Rg6 29. Bd6 Bc8 30. Rxe8+ 1-0

[Event "Cappelle Online Blitz op 1st"]
[Site "Europe Echecs INT"]
[Date "2021.01.10"]
[Round "10"]
[White "Nineuil, Vincent"]
[Black "Alberola, Raphael"]
[Result "1-0"]
[WhiteElo "1963"]
[BlackElo "1664"]
[PlyCount "117"]
[EventDate "2021.01.10"]
[EventType "swiss (blitz)"]
[EventRounds "11"]
[EventCountry "FRA"]
[SourceTitle "CBM 200 Extra"]
[Source "ChessBase"]
[SourceDate "2021.03.31"]
[SourceVersion "1"]
[SourceVersionDate "2021.03.31"]
[SourceQuality "1"]

1. e4 c5 2. Nf3 d6 3. d4 cxd4 4. Nxd4 Nf6 5. Nc3 g6 6. Be3 Bg7 7. f3 0-0 8. Bc4 Nc6 9. Bb3 Na5 10. Qd2 Nxb3 11. Nxb3 Be6 12. g4 a5 13. h4 h5 14. g5 Nd7 15. Bd4 Ne5 16. Bxe5 Bxe5 17. f4 Bg7 18. Nd4 Bg4 19. Nce2 a4 20. c3 Qb6 21. f5 e5 22. fxe6 fxe6 23. 0-0-0 Rfd8 24. Rdf1 Rac8 25. Rf6 e5 26. Ne6 Bxe6 27. Rxe6 a3 28. b3 Qf2 29. Rxg6 d5 30. exd5 e4 31. c4 b5 32. Qd4 Qxd4 33. Nxd4 bxc4 34. Rxg7+ Kxg7 35. Ne6+ Kg6 36. Nxd8 cxb3+ 37. Kb1 Rxd8 38. axb3 Rxd5 39. Ka2 Ra5 40. Rf1 e3 41. Rf6+ Kg7 42. Re6 Rf5 43. Rxe3 Rf4 44. Rh3 Kg6 45. Kxa3 Kf5 46. b4 Kg4 47. Rh1 Rf3+ 48. Ka4 Rf8 49. b5 Ra8+ 50. Kb4 Kf5 51. b6 Re8 52. Kb5 Re2 53. b7 Rb2+ 54. Kc6 Rc2+ 55. Kb6 Rb2+ 56. Kc7 Rc2+ 57. Kb8 Kg4 58. g6 Rh2 59. Rxh2 1-0

[Event "Cappelle Online Blitz op 1st"]
[Site "Europe Echecs INT"]
[Date "2021.01.10"]
[Round "8"]
[White "Nineuil, Vincent"]
[Black "Allentin, Eric"]
[Result "0-1"]
[WhiteElo "1963"]
[BlackElo "1854"]
[PlyCount "121"]
[EventDate "2021.01.10"]
[EventType "swiss (blitz)"]
[EventRounds "11"]
[EventCountry "FRA"]
[SourceTitle "CBM 200 Extra"]
[Source "ChessBase"]
[SourceDate "2021.03.31"]
[SourceVersion "1"]
[SourceVersionDate "2021.03.31"]
[SourceQuality "1"]

1. e4 c6 2. d4 d5 3. e5 c5 4. dxc5 Nc6 5. Nf3 e6 6. Be3 Nge7 7. c3 Nf5 8. Bd4 Nfxd4 9. cxd4 b6 10. cxb6 Qxb6 11. Qd2 Bb4 12. Nc3 Ba6 13. a3 Bxf1 14. Kxf1 Qa5 15. g3 Rc8 16. Kg2 Bxc3 17. bxc3 Ne7 18. Qg5 Ng6 19. h4 h6 20. Qg4 0-0 21. h5 Ne7 22. Qf4 Rxc3 23. g4 Rxa3 24. Rxa3 Qxa3 25. g5 Nf5 26. gxh6 Nxh6 27. Rg1 Rb8 28. Kh2 Rb3 29. Rg3 Nf5 30. Rh3 Nxd4 31. Nxd4 Rxh3+ 32. Kg2 Rxh5 33. Qg4 Rh6 34. Kf1 Qd3+ 35. Ne2 Rh1+ 36. Kg2 Rh6 37. Nf4 Qe4+ 38. f3 Qe2+ 39. Nxe2 Rg6 40. Qxg6 fxg6 41. Nf4 Kf7 42. Kf2 g5 43. Nd3 Kg6 44. Ke3 Kf5 45. Kd4 g4 46. fxg4+ Kxg4 47. Nc5 Kf5 48. Nb7 g5 49. Nd6+ Kf4 50. Nb5 g4 51. Nxa7 g3 52. Nb5 g2 53. Nc3 Kf3 54. Kc5 g1Q+ 55. Kd6 Qb6+ 56. Ke7 Qc7+ 57. Kxe6 Qxc3 58. Kxd5 Qc8 59. e6 Qe8 60. Kd6 Kf4 61. e7 0-1